000 00296nam a2200121Ia 4500
008 191201s2014 xx 000 0 und d
100 _aTANEJA, S P
245 0 _aModern Physics for Engineering
260 _c2014
_bR Chand and Co
_aN.Delhi
300 _aMISC
650 _aAPPLIED
942 _2ddc
_cBB
999 _c7633
_d7633